Normal view
MARC view
Entry Personal Name
001 - CONTROL NUMBER
- control field: 8803
003 - CONTROL NUMBER IDENTIFIER
- control field: HDC
005 - DATE AND TIME OF LATEST TRANSACTION
- control field: 20230624073306.0
008 - FIXED-LENGTH DATA ELEMENTS
- fixed length control field: 210130|| aca||aabn | a|a d
040 ## - CATALOGING SOURCE
- Original cataloging agency: HDC
- Transcribing agency: HDC
100 ## - HEADING--PERSONAL NAME
- Personal name: Revi, M.
670 ## - SOURCE DATA FOUND
- Source citation: Work cat.: (HDC): Revi, M., author, Food Analysis and Preservation: Current Research Topics :, 2012
